000
00330nam a22001457a 4500
008
211012b ||||| |||| 00| 0 eng d
020
_a
9780801868603
041
_a
eng
080
_a
53
082
_a
53
100
_a
43
101
_a
FIZ
245
_a
Nucleus A Trip Into the Heart of Matter
_c
Mackintosh,R
942
_2
udc
_c
BK
999
_c
58194
_d
58194